| 000 | 00678nam a2200241 a 4500 | ||
|---|---|---|---|
| 005 | 20210219153128.0 | ||
| 008 | 991125n 000 0 spa u | ||
| 035 | _aUPN01000079184 | ||
| 100 | 1 | _aCarabaña Morales, Julio | |
| 222 | _aREVISTA DE EDUCACION | ||
| 245 | _aA favor del individualismo y contra las ideologías multiculturalistas | ||
| 260 | _aMadrid, España | ||
| 300 | _a61-82 | ||
| 362 | 0 | _a1993 No. 302, sept.-dic. | |
| 653 | 0 | _aCULTURA | |
| 653 | 0 | _aCURRICULUM | |
| 653 | 0 | _aEDUCACION BICULTURAL | |
| 653 | 0 | _aEDUCACION BILINGÜE | |
| 653 | 0 | _aEDUCACION MULTICULTURAL | |
| 653 | 0 | _aMULTICULTURALISMO | |
| 904 |
_aAC _b016995 |
||
| 905 | _aArticulo | ||
| 999 |
_c68963 _d68963 |
||